| 000 | 00751nam a22002297a 4500 | ||
|---|---|---|---|
| 005 | 20170124110034.0 | ||
| 010 | _aB-058620 | ||
| 020 |
_c250.00 _a8173411867 |
||
| 035 | _aB-058620 | ||
| 037 | _bCen Lib/Ret | ||
| 040 |
_aDPL _bEN |
||
| 082 |
_a372.0114 _bRUH |
||
| 100 |
_aRuhela, S. P. _910284 |
||
| 245 |
_aQuality of education in Urdu medium elementary schools : _cby S. P. Ruhela _ba sociological investigation / |
||
| 260 |
_aDelhi _bIndian Publishers _c2001 |
||
| 270 |
_a156-D, Kamla Nagar _bDelhi _e110007 |
||
| 300 |
_a175p. _c22cm(Hb) |
||
| 500 | _aIncludes bibliography | ||
| 650 |
_aNative language and education _9101830 |
||
| 650 |
_aUrdu language--Study and teaching _9101831 |
||
| 942 |
_2ddc _cEN _h372.0114 _mRUH |
||
| 999 |
_c128083 _d128083 |
||